LIBRARY & INFORMATION CENTRE, KCAET, TAVANUR

ONLINE PUBLIC ACCESS CATALOGUE (OPAC)

Irrigation engineering (Record no. 17694)

MARC details
000 -LEADER
fixed length control field 00371nam a22001577a 4500
003 - CONTROL NUMBER IDENTIFIER
control field OSt
008 - FIXED-LENGTH DATA ELEMENTS--GENERAL INFORMATION
fixed length control field 230510b |||||||| |||| 00| 0 eng d
020 ## - INTERNATIONAL STANDARD BOOK NUMBER
ISBN 9789355282071
041 ## - LANGUAGE CODE
Language code of text/sound track or separate title eng
082 ## - DEWEY DECIMAL CLASSIFICATION NUMBER
Classification number 631.58
Item number DAV/IR
100 ## - MAIN ENTRY--AUTHOR NAME
Personal name Davis, Arthur powell
245 ## - TITLE STATEMENT
Title Irrigation engineering
260 ## - PUBLICATION, DISTRIBUTION, ETC. (IMPRINT)
Place of publication Chennai
Year of publication 2022
300 ## - PHYSICAL DESCRIPTION
Number of Pages 640
942 ## - ADDED ENTRY ELEMENTS (KOHA)
Koha item type Books
260 ## - PUBLICATION, DISTRIBUTION, ETC. (IMPRINT)
-- Maxwell press
Holdings
Withdrawn status Lost status Damaged status Collection code Home library Current library Shelving location Date acquired Source of acquisition Cost, normal purchase price Full call number Accession Number Koha item type
      General Books KAUAET KAUAET General Stacks 25/03/2023 EEDEEYOU, Manjeri 2400.00 631.58 DAV/IR 26186 Books
free website counter